000 00676nam a2200265Ia 4500
005 20260121170605.0
008 008 260114s9999 xx 000 0 eng d
020 _a9783319760063
037 _aEBOOK
040 _aCRL
040 _beng
040 _cCRL
041 _2eng
041 _aeng
084 _qCRL
100 _aHannah Brewer, Mary Renck Jalongo
_91065748
245 0 _aPhysical Activity and Health Promotion in the Early Years
260 _bSpringer
260 _bSpringer
260 _c2018
856 _uhttps://link.springer.com/openurl?genre=book&isbn=978-3-319-76006-3
942 _cEBOOK
999 _c1631478
_d1631478